000 00496nam a22001937a 4500
003 OSt
005 20250417123555.0
008 250417b |||||||| |||| 00| 0 eng d
040 _cMRSPTU
041 _aENG
082 _a720.9
_bGI-R
100 _aGill, Sandrine
245 _aRAJ REWAL : Freedom Struggle Memorial and Museum
260 _aNew Delhi
_bCouncil of Architecture
_c2024
300 _aV. 5th ; 53p
650 _aArchitecture
700 _aMehta, Kaiwan
942 _2ddc
_cVOL
_n0
999 _c10565
_d10565